[Event "Warsaw Najdorf Memorial op-A 22nd"]
[Site "Warsaw"]
[Date "2025.07.15"]
[Round "8"]
[White "Rosh, Jain"]
[Black "Savitha Shri, B."]
[Result "1-0"]
[WhiteElo "2322"]
[BlackElo "2341"]
[PlyCount "85"]
[EventDate "2025.07.08"]
[EventType "swiss"]
[EventRounds "9"]
[EventCountry "POL"]
[SourceTitle "CB29_2025"]
[SourceDate "2025.07.16"]
[SourceVersion "1"]
[SourceVersionDate "2025.07.16"]
[SourceQuality "1"]

1. e4 e6 2. d4 d5 3. Nd2 c5 4. exd5 exd5 5. Ngf3 Nf6 6. Bb5+ Bd7 7. Bxd7+ Nbxd7 8. 0-0 Be7 9. dxc5 Nxc5 10. Nb3 Nce4 11. Nbd4 Nd6 12. Bf4 0-0 13. Bxd6 Bxd6 14. c3 Re8 15. g3 Qd7 16. Kg2 h6 17. a4 a5 18. Qc2 Re4 19. Rad1 Rae8 20. Qb3 Bb8 21. Qb6 Qc7 22. Qxc7 Bxc7 23. Nb5 Bb8 24. Nfd4 g6 25. f3 R4e7 26. Rf2 h5 27. h4 Re3 28. Nb3 Bxg3 29. Kxg3 Ne4+ 30. Kg2 Nxf2 31. Kxf2 Re2+ 32. Kg3 Rxb2 33. Nc5 Ree2 34. Rxd5 Rh2 35. Ne4 Rbg2+ 36. Kf4 f5 37. Rd8+ Kg7 38. Rd7+ Kh6 39. Ned6 Rxh4+ 40. Ke5 Rhh2 41. Kf6 Rd2 42. Nf7+ Kh7 43. Ng5+ 1-0

[Event "Warsaw Najdorf Memorial op-A 22nd"]
[Site "Warsaw"]
[Date "2025.07.14"]
[Round "7"]
[White "Savitha Shri, B."]
[Black "Lecki, Leonard"]
[Result "1-0"]
[WhiteElo "2341"]
[BlackElo "2198"]
[PlyCount "83"]
[EventDate "2025.07.08"]
[EventType "swiss"]
[EventRounds "9"]
[EventCountry "POL"]
[SourceTitle "CB29_2025"]
[SourceDate "2025.07.16"]
[SourceVersion "1"]
[SourceVersionDate "2025.07.16"]
[SourceQuality "1"]

1. e4 e5 2. Nf3 Nf6 3. Nxe5 d6 4. Nf3 Nxe4 5. Nc3 Nxc3 6. dxc3 Be7 7. Bf4 Nd7 8. Qd2 0-0 9. 0-0-0 Re8 10. h4 Nc5 11. Ng5 h6 12. Bc4 Be6 13. Nxe6 Nxe6 14. Be3 Bf8 15. g4 c6 16. g5 d5 17. Be2 hxg5 18. hxg5 g6 19. f4 Bg7 20. Bg4 d4 21. cxd4 Qd5 22. Kb1 Rad8 23. Qh2 Nxg5 24. Bd2 Ne4 25. Bb4 Nf6 26. Be2 a5 27. Bc5 Re3 28. Bd3 Rde8 29. a4 Qd8 30. d5 cxd5 31. f5 g5 32. Bb5 R8e4 33. Bxe3 Rxe3 34. Qg1 Qb6 35. Qxg5 Ne4 36. Qf4 Be5 37. Qg4+ Kf8 38. Rxd5 Nf2 39. Qh4 Nxh1 40. Rd8+ Qxd8 41. Qxd8+ Kg7 42. Qg5+ 1-0

[Event "Warsaw Maciei Memorial"]
[Site "Warsaw"]
[Date "2025.07.07"]
[Round "6"]
[White "Savitha Shri, B."]
[Black "Kazmierowski, Tymon"]
[Result "1-0"]
[WhiteElo "2341"]
[BlackElo "2138"]
[PlyCount "61"]
[EventDate "2025.07.07"]
[EventType "swiss (blitz)"]
[EventRounds "11"]
[EventCountry "POL"]
[SourceTitle "CB28_2025"]
[SourceDate "2025.07.09"]
[SourceVersion "1"]
[SourceVersionDate "2025.07.09"]
[SourceQuality "1"]

1. e4 c5 2. Nf3 d6 3. d4 cxd4 4. Nxd4 Nf6 5. Nc3 a6 6. Be3 e5 7. Nb3 Be6 8. h3 Be7 9. Qf3 0-0 10. g4 Nbd7 11. g5 Ne8 12. h4 f5 13. exf5 Bxf5 14. 0-0-0 b5 15. Bd3 Bxd3 16. Qd5+ Kh8 17. Qxd3 Nb6 18. Bxb6 Qxb6 19. Nd5 Qd8 20. f4 exf4 21. Qe4 Ra7 22. Nd4 Qd7 23. Ne6 Rf7 24. g6 hxg6 25. h5 g5 26. h6 g6 27. Qxg6 Bf6 28. Rde1 Be5 29. Nxg5 Rf6 30. Nxf6 Bxf6 31. Rxe8+ 1-0

[Event "Warsaw Maciei Memorial"]
[Site "Warsaw"]
[Date "2025.07.07"]
[Round "7"]
[White "Socko, Monika"]
[Black "Savitha Shri, B."]
[Result "0-1"]
[WhiteElo "2362"]
[BlackElo "2341"]
[PlyCount "82"]
[EventDate "2025.07.07"]
[EventType "swiss (blitz)"]
[EventRounds "11"]
[EventCountry "POL"]
[SourceTitle "CB28_2025"]
[SourceDate "2025.07.09"]
[SourceVersion "1"]
[SourceVersionDate "2025.07.09"]
[SourceQuality "1"]

1. d4 Nf6 2. Nf3 e6 3. g3 d5 4. Bg2 c5 5. 0-0 Nc6 6. a3 Bd7 7. dxc5 Bxc5 8. b4 Bb6 9. Bb2 0-0 10. Nbd2 Rc8 11. Rc1 a6 12. c4 Ba7 13. cxd5 exd5 14. Nb3 Bf5 15. Nc5 Bxc5 16. Rxc5 Be4 17. Bh3 Rb8 18. Ng5 h6 19. Nxe4 dxe4 20. Qa1 Re8 21. Rd1 Qe7 22. e3 Rbd8 23. Rcc1 Rxd1+ 24. Rxd1 Ne5 25. Bg2 Nd3 26. Bxf6 gxf6 27. Qd4 f5 28. Qd5 Ne5 29. h4 b5 30. Bh3 Qf6 31. Qc5 Kg7 32. Kg2 Re6 33. Qc8 Nd3 34. Rd2 Qe5 35. Rc2 Rf6 36. Qd8 Ne1+ 37. Kf1 Nxc2 38. Qc8 Qa1+ 39. Kg2 Ne1+ 40. Kf1 Nf3+ 41. Ke2 Qe1# 0-1

[Event "Kiel op"]
[Site "Kiel"]
[Date "2025.07.05"]
[Round "8"]
[White "Savitha Shri, B."]
[Black "Kumaresh, Ayyachamy"]
[Result "1-0"]
[WhiteElo "2293"]
[BlackElo "2119"]
[PlyCount "65"]
[EventDate "2025.06.30"]
[EventType "swiss"]
[EventRounds "9"]
[EventCountry "GER"]
[SourceTitle "CB28_2025"]
[SourceDate "2025.07.09"]
[SourceVersion "1"]
[SourceVersionDate "2025.07.09"]
[SourceQuality "1"]

1. e4 c5 2. Nf3 d6 3. d4 cxd4 4. Nxd4 Nf6 5. Nc3 a6 6. Be3 Ng4 7. Bc1 Nc6 8. h3 Qb6 9. hxg4 Qxd4 10. Bd3 e6 11. Be3 Qb4 12. Qd2 Be7 13. 0-0-0 Bd7 14. f4 Rc8 15. g5 Qa5 16. Kb1 d5 17. exd5 Nb4 18. d6 Bxd6 19. Be4 Rxc3 20. Qxc3 Qxa2+ 21. Kc1 Nd5 22. Bxd5 exd5 23. Qxg7 Rf8 24. Qd4 Bg4 25. Rde1 Kd7 26. Kd2 Qa5+ 27. c3 Qa2 28. Qb6 d4 29. Qxb7+ Bc7 30. Bxd4 Be6 31. Be5 Rd8 32. Bxc7 Bd5 33. Qb6 1-0

[Event "Kiel op"]
[Site "Kiel"]
[Date "2025.07.01"]
[Round "3"]
[White "Yurovskich, Oleksandr"]
[Black "Savitha Shri, B."]
[Result "1-0"]
[WhiteElo "2344"]
[BlackElo "2293"]
[PlyCount "109"]
[EventDate "2025.06.30"]
[EventType "swiss"]
[EventRounds "9"]
[EventCountry "GER"]
[SourceTitle "CB28_2025"]
[SourceDate "2025.07.09"]
[SourceVersion "1"]
[SourceVersionDate "2025.07.09"]
[SourceQuality "1"]

1. d4 Nf6 2. Nf3 d5 3. c3 Bf5 4. Qb3 e6 5. Qxb7 Nbd7 6. e3 Bd6 7. Nbd2 0-0 8. Qa6 e5 9. dxe5 Nxe5 10. Nxe5 Bxe5 11. Bd3 Ne4 12. Nxe4 dxe4 13. Be2 Rb8 14. Qxa7 Qd6 15. Qa4 Qg6 16. g3 Rfd8 17. Qc2 Rb6 18. b3 Bg4 19. Bb2 Rbd6 20. 0-0 Qh5 21. Bxg4 Qxg4 22. c4 Bxb2 23. Qxb2 Qh5 24. Qc2 Qf3 25. Qc3 f6 26. c5 Rd5 27. Qc4 Kh8 28. b4 h5 29. Rfe1 Rd3 30. Qe6 Rd1 31. Qh3 Rxe1+ 32. Rxe1 Rd2 33. Rf1 f5 34. Qh4 Kh7 35. a4 c6 36. b5 Rd5 37. b6 Rd1 38. Qh3 g5 39. b7 Rd8 40. Rb1 Rd1+ 41. Rxd1 Qxd1+ 42. Qf1 Qb3 43. a5 Qxb7 44. Qa1 Kg6 45. a6 Qa7 46. Qa4 Qa8 47. a7 g4 48. Kg2 h4 49. gxh4 Kh5 50. Qa1 Kg6 51. Qa2 Kh5 52. Qf7+ Kxh4 53. Qf6+ Kh5 54. Qxf5+ Kh6 55. Qf4+ 1-0

[Event "Cesme op-A 11th"]
[Site "Izmir"]
[Date "2025.06.26"]
[Round "5"]
[White "Savitha Shri, B."]
[Black "Akbas, Kaan"]
[Result "0-1"]
[WhiteElo "2293"]
[BlackElo "2070"]
[PlyCount "74"]
[EventDate "2025.06.23"]
[EventType "swiss"]
[EventRounds "9"]
[EventCountry "TUR"]
[SourceTitle "CB27_2025"]
[SourceDate "2025.07.02"]
[SourceVersion "1"]
[SourceVersionDate "2025.07.02"]
[SourceQuality "1"]

1. e4 c6 2. d4 d5 3. e5 c5 4. Nf3 Bg4 5. Bb5+ Nd7 6. dxc5 e6 7. b4 a5 8. c3 Ne7 9. Nbd2 Nc6 10. Qb3 Be7 11. h3 Bh5 12. 0-0 0-0 13. Re1 Qc7 14. Bxc6 bxc6 15. a4 Rfb8 16. Qa3 f6 17. exf6 Bxf6 18. Bb2 e5 19. bxa5 e4 20. Nd4 Ne5 21. N2b3 Nc4 22. Qa2 Bxd4 23. cxd4 Qb7 24. Nd2 Nxd2 25. Bc3 Nc4 26. Rab1 Qa6 27. Rxb8+ Rxb8 28. Rb1 Ra8 29. Rb4 Nxa5 30. Rb6 Qe2 31. Qb1 Qd1+ 32. Qxd1 Bxd1 33. Bxa5 Rxa5 34. Rxc6 Rxa4 35. Rd6 Rxd4 36. c6 Rc4 37. Rxd5 Ba4 0-1

[Event "Cesme op-A 11th"]
[Site "Izmir"]
[Date "2025.06.25"]
[Round "4"]
[White "Isgenderova, Hayale"]
[Black "Savitha Shri, B."]
[Result "1-0"]
[WhiteElo "2091"]
[BlackElo "2293"]
[PlyCount "77"]
[EventDate "2025.06.23"]
[EventType "swiss"]
[EventRounds "9"]
[EventCountry "TUR"]
[SourceTitle "CB27_2025"]
[SourceDate "2025.07.02"]
[SourceVersion "1"]
[SourceVersionDate "2025.07.02"]
[SourceQuality "1"]

1. e4 c5 2. Nc3 Nc6 3. f4 g6 4. Nf3 Bg7 5. Bc4 d6 6. 0-0 e6 7. d3 Nge7 8. Qe1 0-0 9. f5 exf5 10. Qh4 h5 11. Bg5 Qd7 12. Bf6 a6 13. a4 b6 14. Rae1 Bb7 15. Qg5 Kh7 16. exf5 Nxf5 17. Bxg7 Kxg7 18. Nd5 Qd8 19. Qd2 Bc8 20. Qc3+ Ncd4 21. Nxd4 cxd4 22. Qb4 Rb8 23. Bb3 Qg5 24. Nxb6 Bb7 25. Re2 Kh6 26. Rxf5 Qxf5 27. Qd2+ Kg7 28. Rf2 Qg4 29. h3 Qg3 30. Nd7 f6 31. Nxf8 Rxf8 32. Re2 g5 33. Re7+ Kh6 34. Qf2 Qxf2+ 35. Kxf2 Ba8 36. Rd7 g4 37. h4 g3+ 38. Kxg3 Rg8+ 39. Bxg8 1-0

[Event "Cesme op-A 11th"]
[Site "Izmir"]
[Date "2025.06.23"]
[Round "1"]
[White "Savitha Shri, B."]
[Black "Petkov, Momchil"]
[Result "0-1"]
[WhiteElo "2293"]
[BlackElo "2528"]
[PlyCount "98"]
[EventDate "2025.06.23"]
[EventType "swiss"]
[EventRounds "9"]
[EventCountry "TUR"]
[SourceTitle "CB27_2025"]
[SourceDate "2025.07.02"]
[SourceVersion "1"]
[SourceVersionDate "2025.07.02"]
[SourceQuality "1"]

1. e4 c5 2. Nf3 Nc6 3. d4 cxd4 4. Nxd4 e5 5. Nb5 d6 6. c4 g6 7. N1c3 a6 8. Na3 Be6 9. Be2 Bg7 10. 0-0 Nd4 11. Be3 Rc8 12. Nd5 Bxd5 13. cxd5 Nf6 14. Bxd4 exd4 15. Qxd4 0-0 16. Qb4 Re8 17. Bf3 Qc7 18. Rfe1 b5 19. Qd2 Qa7 20. h3 h5 21. Rac1 Nd7 22. Rxc8 Rxc8 23. Rc1 Rxc1+ 24. Qxc1 Bd4 25. Qd2 Qc5 26. b4 Bxf2+ 27. Qxf2 Qc1+ 28. Kh2 Qxa3 29. Qa7 Nf8 30. Qd4 Nd7 31. Qa7 Nf8 32. Qd4 Qxa2 33. Qb6 Qa3 34. Qxd6 a5 35. Qb8 Qxb4 36. d6 Qd4 37. Qxb5 Qxd6+ 38. e5 Qb4 39. Qe8 Qf4+ 40. Kh1 Qc1+ 41. Kh2 Qf4+ 42. Kh1 Qc4 43. Bc6 Qe6 44. Qxe6 Nxe6 45. Kg1 Nc5 46. Bd5 a4 47. Kf1 Nd3 48. e6 fxe6 49. Bxe6+ Kg7 0-1

[Event "Munich Whitsun op-A 3rd"]
[Site "Munich"]
[Date "2025.06.11"]
[Round "6"]
[White "Safarli, Eltaj"]
[Black "Savitha Shri, B."]
[Result "1-0"]
[WhiteElo "2620"]
[BlackElo "2293"]
[PlyCount "105"]
[EventDate "2025.06.08"]
[EventType "swiss"]
[EventRounds "9"]
[EventCountry "GER"]
[SourceTitle "CB26_2025"]
[SourceDate "2025.06.25"]
[SourceVersion "1"]
[SourceVersionDate "2025.06.25"]
[SourceQuality "1"]

1. e4 c5 2. Nf3 Nc6 3. Bb5 Nf6 4. Bxc6 dxc6 5. d3 Qc7 6. Nbd2 e5 7. a4 Be6 8. b3 Be7 9. Nc4 Nd7 10. 0-0 Bxc4 11. bxc4 Nf8 12. Bb2 Bf6 13. Ra3 g5 14. Rb3 Ng6 15. a5 Rb8 16. Bc3 h5 17. Nd2 Kf8 18. Re1 Kg7 19. Nf1 Ne7 20. Ne3 Rh6 21. Qa1 Rhh8 22. Reb1 Rhd8 23. Qa3 b6 24. axb6 axb6 25. Qb2 Ra8 26. Rxb6 Ra7 27. Qc1 Kg6 28. Qd1 Nc8 29. R6b3 Nd6 30. Qf3 Qd7 31. h3 Bg7 32. g4 h4 33. Nf5 f6 34. Nxd6 Qxd6 35. Qf5+ Kh6 36. Rb7 Rd7 37. Qxd7 Qxd7 38. Rxd7 Rxd7 39. Rb8 Ra7 40. Rc8 Ra6 41. Bd2 Kg6 42. Be3 Ra5 43. Rxc6 Bf8 44. Kg2 Kf7 45. c3 Be7 46. d4 Ra4 47. dxe5 fxe5 48. Rc7 Ke8 49. Bxc5 Bd8 50. Rc6 Rxc4 51. Re6+ Kf7 52. Rxe5 Rxc3 53. Rd5 1-0

[Event "Norway Chess op-A"]
[Site "Stavanger"]
[Date "2025.05.27"]
[Round "7"]
[White "Savitha Shri, B."]
[Black "Amar, Elham"]
[Result "1/2-1/2"]
[WhiteElo "2298"]
[BlackElo "2569"]
[PlyCount "132"]
[EventDate "2025.05.27"]
[EventType "swiss"]
[EventRounds "9"]
[EventCountry "NOR"]
[SourceTitle "CB23_2025"]
[SourceDate "2025.06.04"]
[SourceVersion "1"]
[SourceVersionDate "2025.06.04"]
[SourceQuality "1"]

1. e4 c5 2. Nf3 Nc6 3. Bb5 e6 4. 0-0 Nge7 5. c3 a6 6. Ba4 b5 7. Bc2 d5 8. a4 b4 9. d4 cxd4 10. Nxd4 Nxd4 11. cxd4 dxe4 12. Bxe4 Nd5 13. Nd2 Be7 14. Nc4 0-0 15. Qd3 h6 16. Ne5 Bb7 17. Bd2 Rc8 18. Rac1 Rxc1 19. Rxc1 Bg5 20. Rc5 Bxd2 21. Qxd2 Qh4 22. Bf3 Rd8 23. g3 Qe7 24. Qc2 Qd6 25. Nc6 b3 26. Qc4 Bxc6 27. Rxc6 Qb4 28. Bxd5 Qe1+ 29. Qf1 Qxf1+ 30. Kxf1 Rxd5 31. Rxa6 Rxd4 32. Rb6 Rxa4 33. Rxb3 g5 34. h3 Kg7 35. Rb6 Re4 36. b4 h5 37. b5 h4 38. g4 Rb4 39. Kg2 Rb3 40. Rb7 Kg6 41. Rb6 Rb4 42. Rb8 Kf6 43. Rb7 Rf4 44. Rc7 Rb4 45. Rb7 Rb3 46. b6 Rb1 47. Kf3 Rb2 48. Kg2 Rb3 49. Kh2 Rb2 50. Kg2 Rb4 51. Kg1 Kg6 52. Rb8 Kf6 53. Rb7 Kg7 54. Kg2 Rb3 55. Kh2 Rb4 56. Kg2 Kg6 57. Rb8 Kg7 58. Rb7 Rb3 59. Kh2 Rd3 60. Rc7 Rb3 61. b7 Kg6 62. Re7 Kf6 63. Rc7 Kg6 64. Re7 Kf6 65. Rd7 Kg6 66. Re7 Kf6 1/2-1/2

[Event "Asia-ch (Women)"]
[Site "Al Ain"]
[Date "2025.05.12"]
[Round "6"]
[White "Zhou, Shumeng"]
[Black "Savitha Shri, B."]
[Result "0-1"]
[WhiteElo "1901"]
[BlackElo "2298"]
[PlyCount "68"]
[EventDate "2025.05.07"]
[EventType "swiss"]
[EventRounds "9"]
[EventCountry "UAE"]
[SourceTitle "CB21_2025"]
[SourceDate "2025.05.21"]
[SourceVersion "1"]
[SourceVersionDate "2025.05.21"]
[SourceQuality "1"]

1. e4 c5 2. Nf3 Nc6 3. d4 cxd4 4. Nxd4 Qb6 5. Nb3 e6 6. Be3 Qc7 7. a3 Nf6 8. Nc3 a6 9. Nd4 b5 10. Nxc6 dxc6 11. f4 e5 12. f5 Bb7 13. g4 b4 14. axb4 Bxb4 15. Bg2 c5 16. 0-0 Bxc3 17. bxc3 Nxe4 18. Rb1 Bc6 19. Qf3 0-0 20. f6 Rfc8 21. Qf5 Nxf6 22. Bxc6 Qxc6 23. g5 Nd5 24. Qxf7+ Kh8 25. Rb7 Rg8 26. Bd2 c4 27. Rd7 Qc5+ 28. Kg2 Nb6 29. Rc7 Qd6 30. Be1 Raf8 31. Qe7 Qd5+ 32. Kg1 Rxf1+ 33. Kxf1 Qf3+ 34. Kg1 Nd5 0-1

[Event "Asia-ch (Women) Blitz"]
[Site "Al Ain"]
[Date "2025.05.10"]
[Round "3"]
[White "Gunina, Valentina"]
[Black "Savitha Shri, B."]
[Result "1-0"]
[WhiteElo "2425"]
[BlackElo "2298"]
[PlyCount "169"]
[EventDate "2025.05.10"]
[EventType "swiss (blitz)"]
[EventRounds "9"]
[EventCountry "UAE"]
[SourceTitle "CB20_2025"]
[SourceDate "2025.05.14"]
[SourceVersion "1"]
[SourceVersionDate "2025.05.14"]
[SourceQuality "1"]

1. d4 c5 2. d5 g6 3. e4 d6 4. Nf3 Bg7 5. Be2 Nf6 6. Nc3 0-0 7. 0-0 e6 8. dxe6 Bxe6 9. Bf4 d5 10. e5 Nfd7 11. Nxd5 Nxe5 12. Bxe5 Qxd5 13. Bxg7 Kxg7 14. Qxd5 Bxd5 15. Rfd1 Be4 16. c3 Nc6 17. Ng5 Bf5 18. g4 h6 19. gxf5 hxg5 20. fxg6 Kxg6 21. Rd5 f6 22. Rxc5 Rad8 23. Rd1 Ne5 24. Rcd5 Rxd5 25. Rxd5 b6 26. Kg2 Kf5 27. Rd6 Rh8 28. h3 Rh4 29. b3 Rh8 30. Bd1 Kg6 31. c4 Rc8 32. Kg3 Rc5 33. h4 gxh4+ 34. Kxh4 Ra5 35. a4 Rc5 36. f4 Nf7 37. Rd7 a6 38. f5+ Kxf5 39. Rxf7 b5 40. cxb5 axb5 41. axb5 Rxb5 42. Kg3 Rd5 43. Bg4+ Kg6 44. Rb7 f5 45. Bf3 Rd3 46. b4 Kg5 47. Rg7+ Kf6 48. Rg8 Rb3 49. Rb8 Ke5 50. b5 Rb1 51. Bc6 f4+ 52. Kg4 Rg1+ 53. Kf3 Rc1 54. Re8+ Kf5 55. Bd7+ Kg5 56. Rg8+ Kf6 57. Kxf4 Ke7 58. Bc6 Kd6 59. Rg6+ Kc5 60. Ke3 Kb6 61. Kd2 Rc5 62. Kd3 Rc1 63. Be8+ Kb7 64. Kd2 Rc5 65. Bc6+ Kb6 66. Rg7 Rh5 67. Kc3 Rh3+ 68. Kd4 Rh4+ 69. Kd5 Rh5+ 70. Kd6 Rh6+ 71. Kd7 Rh2 72. Re7 Rh4 73. Kd6 Rd4+ 74. Ke5 Rd1 75. Rb7+ Kc5 76. Ke6 Rd2 77. Ke7 Rh2 78. Kd7 Rh7+ 79. Kc8 Rh8+ 80. Kc7 Rh7+ 81. Kb8 Rh6 82. Ka7 Rh2 83. Rg7 Kd6 84. Kb7 Rc2 85. b6 1-0

[Event "Samarkand (Women) op 3rd"]
[Site "Samarkand"]
[Date "2025.03.16"]
[Round "7"]
[White "Mohammadi, Melika"]
[Black "Savitha Shri, B."]
[Result "0-1"]
[WhiteElo "2181"]
[BlackElo "2332"]
[PlyCount "52"]
[EventDate "2025.03.09"]
[EventType "swiss"]
[EventRounds "9"]
[EventCountry "UZB"]
[SourceTitle "CB13_2025"]
[SourceDate "2025.03.26"]
[SourceVersion "1"]
[SourceVersionDate "2025.03.26"]
[SourceQuality "1"]

1. e4 e5 2. Nf3 Nc6 3. Bb5 f5 4. d3 fxe4 5. dxe4 Nf6 6. Nc3 Bb4 7. 0-0 Bxc3 8. bxc3 d6 9. Qd3 0-0 10. Rb1 Qe8 11. Nd2 Nh5 12. Nc4 a6 13. Bxc6 bxc6 14. Na5 c5 15. Bd2 Be6 16. c4 Qa4 17. Rb7 Nf4 18. Qb3 Qxb3 19. axb3 Ne2+ 20. Kh1 Rf7 21. Re1 Nd4 22. c3 Nc2 23. Rc1 Rxf2 24. Bg5 Raf8 25. Kg1 Re2 26. Rxc7 Ne1 0-1

[Event "Wch U20 Girls 41st"]
[Site "Petrovac"]
[Date "2025.03.07"]
[Round "11"]
[White "Savitha Shri, B."]
[Black "Zhapova, Yana"]
[Result "1-0"]
[WhiteElo "2332"]
[BlackElo "2234"]
[PlyCount "67"]
[EventDate "2025.02.25"]
[EventType "swiss"]
[EventRounds "11"]
[EventCountry "MNE"]
[SourceTitle "CB11_2025"]
[SourceDate "2025.03.12"]
[SourceVersion "1"]
[SourceVersionDate "2025.03.12"]
[SourceQuality "1"]

1. e4 e5 2. Nf3 Nc6 3. Bc4 Bc5 4. c3 Nf6 5. d4 exd4 6. b4 Bb6 7. e5 d5 8. exf6 dxc4 9. Qe2+ Be6 10. b5 Na5 11. fxg7 Rg8 12. cxd4 Qd7 13. Nc3 0-0-0 14. Bg5 Rde8 15. 0-0-0 Bg4 16. Qd2 Bxf3 17. gxf3 Rxg7 18. Qf4 Rg6 19. Rhe1 Rxe1 20. Rxe1 Re6 21. Rxe6 Qxe6 22. d5 Qe8 23. Qf5+ Kb8 24. Qxh7 Bxf2 25. Qe4 Qh8 26. Bf6 Qh6+ 27. Kc2 a6 28. Be5 Qb6 29. Bf4 Bd4 30. d6 cxd6 31. Nd5 Qxb5 32. Bxd6+ Kc8 33. Qxd4 Qa4+ 34. Kc1 1-0

[Event "Wch U20 Girls 41st"]
[Site "Petrovac"]
[Date "2025.02.26"]
[Round "2"]
[White "Abdinova, Narmin"]
[Black "Savitha Shri, B."]
[Result "0-1"]
[WhiteElo "2186"]
[BlackElo "2332"]
[PlyCount "124"]
[EventDate "2025.02.25"]
[EventType "swiss"]
[EventRounds "11"]
[EventCountry "MNE"]
[SourceTitle "CB11_2025"]
[SourceDate "2025.03.12"]
[SourceVersion "1"]
[SourceVersionDate "2025.03.12"]
[SourceQuality "1"]

1. d4 Nf6 2. c4 e6 3. g3 c5 4. d5 exd5 5. cxd5 d6 6. Nc3 g6 7. Bg2 Bg7 8. Nf3 0-0 9. 0-0 a6 10. a4 Re8 11. Bf4 h6 12. Qc1 g5 13. Bd2 Bf5 14. h4 g4 15. Nh2 Kh7 16. Re1 Nbd7 17. e4 Bg6 18. Bf4 Ne5 19. Qd1 Qd7 20. a5 Rad8 21. Na4 Qb5 22. Bxe5 Rxe5 23. Nxg4 Nxg4 24. Qxg4 Rde8 25. f4 Bf5 26. Qd1 Rxe4 27. Bxe4 Rxe4 28. Rxe4 Bxe4 29. Qd2 Qc4 30. Nc3 Bxc3 31. bxc3 Bxd5 32. Rd1 Be4 33. Re1 d5 34. g4 Qa4 35. Qb2 Qd7 36. Qe2 Qc7 37. Qd2 Qxa5 38. Kf2 Qd8 39. Kg3 Qa5 40. Qb2 b5 41. g5 h5 42. Re3 Qa4 43. Re1 Qc4 44. Qd2 a5 45. Kf2 Kg6 46. Qe3 a4 47. Qh3 Bd3 48. Qe3 Be4 49. Qh3 a3 50. Qc8 Qxc3 51. f5+ Kg7 52. f6+ Kg6 53. Qg8+ Kf5 54. Qc8+ Kf4 55. Qc7+ Qe5 56. Qxc5 a2 57. Qc1+ Kf5 58. Qc8+ Qe6 59. Qc5 Kg6 60. Qa7 Qf5+ 61. Kg1 Qg4+ 62. Kf2 Qf3+ 0-1

[Event "Wch U20 Girls 41st"]
[Site "Petrovac"]
[Date "2025.02.25"]
[Round "1"]
[White "Savitha Shri, B."]
[Black "Karacsonyi, Luca"]
[Result "1-0"]
[WhiteElo "2332"]
[BlackElo "2026"]
[PlyCount "105"]
[EventDate "2025.02.25"]
[EventType "swiss"]
[EventRounds "11"]
[EventCountry "MNE"]
[SourceTitle "CB11_2025"]
[SourceDate "2025.03.12"]
[SourceVersion "1"]
[SourceVersionDate "2025.03.12"]
[SourceQuality "1"]

1. e4 c5 2. Nf3 a6 3. Nc3 b5 4. d4 cxd4 5. Nxd4 e6 6. Bd3 Bb7 7. 0-0 Nc6 8. Be3 Nf6 9. Nb3 Bb4 10. Nc5 Bxc5 11. Bxc5 d6 12. Be3 Ne5 13. Bg5 h6 14. Bh4 Ng6 15. Bg3 b4 16. Na4 Bxe4 17. Re1 Bxd3 18. Qxd3 e5 19. Rad1 0-0 20. Qxd6 Qxd6 21. Rxd6 Rfd8 22. Rb6 a5 23. h3 Rd2 24. c3 Nd7 25. Rb5 bxc3 26. Nxc3 Rb8 27. Rxa5 Rbxb2 28. h4 f5 29. Ra8+ Ndf8 30. h5 f4 31. Ne4 Rxa2 32. Re8 Re2 33. Rxe2 Rxe2 34. hxg6 fxg3 35. Nxg3 Re1+ 36. Kh2 Rb1 37. Nf5 Rb7 38. Kh3 e4 39. g3 Ra7 40. Kg4 Rb7 41. Ne7+ Rxe7 42. Rxe7 Nxg6 43. Rxe4 Kf7 44. f4 Kf6 45. Ra4 Ne7 46. Ra6+ Kf7 47. Kf3 h5 48. Ke4 g6 49. Ke5 Nf5 50. Ra7+ Kg8 51. Kf6 Nxg3 52. Kxg6 Kf8 53. f5 1-0

[Event "Titled Tuesday intern op 11th Feb Early"]
[Site "Chess.com INT"]
[Date "2025.02.11"]
[Round "2"]
[White "Demchenko, Anton"]
[Black "Savitha Shri, B."]
[Result "1-0"]
[WhiteElo "2619"]
[BlackElo "2332"]
[PlyCount "147"]
[EventDate "2025.02.11"]
[EventType "swiss (blitz)"]
[EventRounds "11"]
[EventCountry "USA"]
[SourceTitle "CB09_2025"]
[SourceDate "2025.02.27"]
[SourceVersion "1"]
[SourceVersionDate "2025.02.27"]
[SourceQuality "1"]

1. e4 c5 2. Nf3 e6 3. g3 Nc6 4. Bg2 Nf6 5. Qe2 d5 6. d3 Be7 7. 0-0 0-0 8. e5 Nd7 9. c4 d4 10. h4 Qc7 11. Bf4 Rb8 12. Re1 b5 13. cxb5 Rxb5 14. Na3 Rb8 15. Nc4 Ba6 16. b3 Nb6 17. Ng5 h6 18. Ne4 Nd5 19. Qg4 Nxf4 20. gxf4 Nb4 21. Red1 Kh8 22. Qg3 Qd8 23. h5 Bxc4 24. dxc4 Qc7 25. Bf3 Rbd8 26. Kh2 f5 27. Nd2 Rde8 28. Rg1 Bd8 29. a3 Nc2 30. Rac1 d3 31. Bd1 Nd4 32. Qxd3 Bh4 33. Qe3 Rd8 34. Rg6 Qe7 35. Nf3 Rd7 36. b4 Nxf3+ 37. Bxf3 cxb4 38. axb4 Qxb4 39. c5 Rd2 40. Rg2 Bd8 41. Qc3 Qxc3 42. Rxc3 a5 43. Bc6 Bc7 44. Rg6 Rxf2+ 45. Kg3 Rd2 46. Rxe6 Rd1 47. Re7 Bb8 48. Rb7 Rc8 49. Bb5 Rg1+ 50. Kf2 Rg4 51. Kf3 Rh4 52. Rc4 Rh3+ 53. Kg2 Rb3 54. c6 a4 55. Rxa4 Rb2+ 56. Kf3 Rb3+ 57. Ke2 Bc7 58. Raa7 Bd8 59. Rxg7 Rxb5 60. Rh7+ Kg8 61. Rag7+ Kf8 62. Rd7 Kg8 63. Rdg7+ Kf8 64. c7 Bh4 65. Rf7+ Kg8 66. Rfg7+ Kf8 67. Rg6 Rb3 68. Rh8+ Kf7 69. Rxc8 Rb2+ 70. Kd3 Rb3+ 71. Kc4 Rb7 72. Rc6 Ke7 73. Rh8 Kd7 74. c8Q+ 1-0

[Event "Titled Tuesday intern op 11th Feb Early"]
[Site "Chess.com INT"]
[Date "2025.02.11"]
[Round "4"]
[White "Mejia, Cherry Ann"]
[Black "Savitha Shri, B."]
[Result "0-1"]
[WhiteElo "1991"]
[BlackElo "2332"]
[PlyCount "84"]
[EventDate "2025.02.11"]
[EventType "swiss (blitz)"]
[EventRounds "11"]
[EventCountry "USA"]
[SourceTitle "CB09_2025"]
[SourceDate "2025.02.27"]
[SourceVersion "1"]
[SourceVersionDate "2025.02.27"]
[SourceQuality "1"]

1. e4 c5 2. Nf3 d6 3. d4 cxd4 4. Qxd4 Nf6 5. c4 Nc6 6. Qe3 e5 7. Nc3 Be7 8. Be2 0-0 9. 0-0 Be6 10. b3 Ng4 11. Qd2 f5 12. h3 Nf6 13. Ng5 Bd7 14. Ba3 h6 15. Nf3 Nxe4 16. Nxe4 fxe4 17. Qd5+ Kh8 18. Qxe4 Bf5 19. Qe3 e4 20. Nd4 Nxd4 21. Qxd4 Qa5 22. Bxd6 Bf6 23. Qe3 Rfd8 24. Rad1 Qxa2 25. c5 Bg5 26. Bf4 Rxd1 27. Bxd1 Bf6 28. Bxh6 Rd8 29. Bg5 Qb2 30. Bxf6 Qxf6 31. Qf4 Bg6 32. Qxf6 gxf6 33. Be2 Bf7 34. b4 Rd2 35. Re1 f5 36. b5 Rc2 37. f3 Rxc5 38. fxe4 fxe4 39. Bf1 Bg6 40. Kf2 Rc3 41. g4 Rf3+ 42. Kg1 Rb3 0-1

[Event "Titled Tuesday intern op 11th Feb Early"]
[Site "Chess.com INT"]
[Date "2025.02.11"]
[Round "5"]
[White "Ronka, Erik"]
[Black "Savitha Shri, B."]
[Result "0-1"]
[WhiteElo "2255"]
[BlackElo "2332"]
[PlyCount "74"]
[EventDate "2025.02.11"]
[EventType "swiss (blitz)"]
[EventRounds "11"]
[EventCountry "USA"]
[SourceTitle "CB09_2025"]
[SourceDate "2025.02.27"]
[SourceVersion "1"]
[SourceVersionDate "2025.02.27"]
[SourceQuality "1"]

1. e4 c5 2. Nf3 Nc6 3. d4 cxd4 4. Nxd4 e5 5. Nb5 d6 6. c4 Nf6 7. N1c3 Be7 8. Be2 a6 9. Na3 0-0 10. 0-0 Be6 11. Nc2 Rc8 12. Bg5 Nxe4 13. Nxe4 Bxg5 14. Nxd6 Rc7 15. Ne4 Rd7 16. Qe1 Bd2 17. Qb1 Bf5 18. Ne3 Bg6 19. Nd5 Nd4 20. Bd3 Bh6 21. Nc5 Rxd5 22. cxd5 Qxd5 23. Bxg6 hxg6 24. b4 b6 25. Nxa6 Ne2+ 26. Kh1 Nf4 27. f3 Qd2 28. Rg1 Nd3 29. Rf1 Nf2+ 30. Rxf2 Qxf2 31. Qg1 Qh4 32. g3 Qc4 33. Qxb6 Qc3 34. Rf1 Qd3 35. Kg2 Be3 36. Qc6 Qe2+ 37. Kh3 Qxf1+ 0-1